LEADER 00762nam a2200217 i 4500 001 000000161124 003 CaOOAMICUS 005 20260324143925.0 008 070503s1994 it u000 u ita u 013 $a138487 020 $a88-17-14614-5 040 $aSeMil$bita 245 10$a2: I-Z. 300 $aP. 799-1645 773 0 $aGerard, André-Marie$tDizionario della Bibbia.$dMilano : Rizzoli, 1994.$kBUR. Dizionari$z88-17-14531-9$g2$w()17758 850 $aSeMil 852 $aSeMil$W1$xVenegono$y1$m2VV I 4$j268940$B112557$CSeMilBibl$Z2$F122772 $81 961 $aLascito: Chierichetti mons. Giovanni 996 $6020$a88-17-14614-5$9(OLS)http://semarc/number/77102 996 $6245$a2: I-Z$9(OLS)http://semarc/title/458808